000 00926nam a2200253 i 4500
001 189661
003 ES-MaACL
005 20250927154243.0
007 t|
008 190830m19691970sp ||||1| spa d
080 _a821.134.2-31"19"
100 1 _aFernández de la Reguera, Ricardo,
_d1916-2000
_949675
245 1 3 _aLa Dictadura /
_cpor Ricardo Fernández de la Reguera y Susana March.
250 _a1ª ed.
260 _aBarcelona :
_bPlaneta,
_c[1969-1970]
300 _a2 v. ;
_c21 cm.
490 1 _aEpisodios nacionales contemporáneos ;
_v8
505 8 _a1. El Directorio militar, 1923-1925 (548 p.) -- 2. El régimen civil, 1926-1930 (549 p.)
651 _aEspaña-
_xHistoria-
_y1923-1930, Dictadura-
_vNovelas.
_9168026
700 1 _aMarch, Susana,
_d1915-1991
_9140841
830 0 _aEpisodios nacionales contemporáneos ;
_v8
_9193354
852 _aES-MaACL
_jP-745-8-9
999 _c189661
_d189661